[Event "UKR-ch Women Final 2018"]
[Site "Kiev"]
[Date "2018.12.11"]
[Round "1"]
[White "Buksa, Nataliya"]
[Black "Gaponenko, Inna"]
[Result "1/2-1/2"]
[WhiteElo "2410"]
[BlackElo "2420"]
[Annotator "TA"]
[PlyCount "79"]
[EventDate "2018.12.11"]
[EventType "tourn"]
[EventCountry "UKR"]
[SourceTitle "playchess.com"]
[Source "ChessBase"]
[SourceQuality "1"]

{[%evp 9,79,44,48,35,19,24,61,29,19,28,24,0,0,0,0,-1,0,-1,0,-1,-1,-7,-6,-4,0,0,0,-8,-8,-37,-26,-30,-30,-31,0,0,0,0,0,0,0,0,0,0,0,0,0,0,0,0,0,0,0,0,0,0,0,0,0,0,0,0,0,0,0,0,0,0,0,0,0,0]} 1. e4 g6 2. d4 Bg7 3. Nc3 d5 4. exd5 Nf6 5. Bc4 Nbd7 {LiveBook: 155 Games} 6. Nge2 {B06: Modern Defence} (6. Nf3 O-O 7. O-O Nb6 8. Bb3 a5 9. a4 Nbxd5 10. Nxd5 Nxd5 11. Re1 e6 12. Ne5 b6 13. Qf3 Ba6 14. Nc6 {1-0 (68) Bocharov,I (2563)-Ponkratov,P (2628) Sochi 2018}) 6... Nb6 7. Bb3 a5 {[#] aiming for ...a4.} 8. a4 {White is slightly better.} Nbxd5 9. Nxd5 Nxd5 10. c3 $146 ({Predecessor:} 10. O-O O-O 11. c3 c6 12. Nf4 e6 13. Nd3 b6 {1-0 (51) Vymazal,B (2050)-Spencer,D Rosice u Brna 2003}) 10... b6 11. O-O O-O 12. Nf4 Bb7 13. Re1 e6 14. Nxd5 Bxd5 15. Bf4 Rc8 16. Be5 c5 17. Bxd5 Qxd5 18. Bxg7 Kxg7 19. Re5 Qd6 20. Re4 Rfd8 21. Qe2 cxd4 (21... Rb8 {looks sharper.} 22. Re1 h5 23. Qe3 Rd7 24. g3 Qc7) 22. Rxd4 {The position is equal.} Qc5 23. Rad1 Rxd4 24. Rxd4 Qxd4 25. cxd4 $11 {[%mdl 4096] Endgame KQ-KR} Rc1+ 26. Qf1 $1 {[%cal Rf1c1]} Rxf1+ 27. Kxf1 {KP-KP} Kf6 28. Ke2 Ke7 29. Kd3 Kd6 30. Kc4 Kc6 31. h4 f6 32. g4 h5 33. gxh5 gxh5 34. b3 Kd6 35. b4 axb4 36. Kxb4 Kc6 37. Kc4 Kd6 38. Kb4 Kc6 39. Kc4 Kd6 40. Kb4 {Accuracy: White = 70%, Black = 82%.} 1/2-1/2

[Event "UKR-ch Women Final 2018"]
[Site "Kiev"]
[Date "2018.12.11"]
[Round "1"]
[White "Shpanko, Nadiia"]
[Black "Rakhmangulova, Anastasiya"]
[Result "1/2-1/2"]
[WhiteElo "2262"]
[BlackElo "2233"]
[Annotator "ChessBase"]
[PlyCount "82"]
[EventDate "2018.12.11"]
[EventType "tourn"]
[EventCountry "UKR"]
[SourceTitle "playchess.com"]
[Source "ChessBase"]
[SourceQuality "1"]
[TimeControl "40/5400+30:1800+30"]

1. e4 {[%emt 0:00:00]} c5 {[%emt 0:00:00]} 2. Nf3 {[%emt 0:00:00]} e6 {[%emt 0:00:00]} 3. d4 {[%emt 0:00:01]} cxd4 {[%emt 0:00:00]} 4. Nxd4 {[%emt 0:00:05]} Nf6 {[%emt 0:00:00]} 5. Nc3 {[%emt 0:00:07]} Nc6 {[%emt 0:00:00]} 6. Nxc6 {[%emt 0:00:42]} bxc6 {[%emt 0:00:00]} 7. e5 {[%emt 0:00:06]} Nd5 {[%emt 0:00:00]} 8. Ne4 {[%emt 0:00:11]} Qc7 {[%emt 0:00:03]} 9. f4 {[%emt 0:00:11]} Qb6 {[%emt 0:00:04]} 10. c4 {[%emt 0:00:27]} Bb4+ {[%emt 0:00:04]} 11. Ke2 {[%emt 0:00:33]} f5 {[%emt 0:01:06]} 12. Nf2 {[%emt 0:00:31]} Ba6 {[%emt 0:01:18]} 13. Kf3 {[%emt 0:00:09]} Ne7 {[%emt 0:01:13]} 14. Be3 {[%emt 0:00:59]} Bc5 {[%emt 0:00:22]} 15. Bxc5 {[%emt 0:00:22]} Qxc5 {[%emt 0:00:04]} 16. Qd6 {[%emt 0:00:07]} Qb6 {[%emt 0:00:04]} 17. b3 {[%emt 0:00:09]} c5 {[%emt 0:00:04]} 18. Rd1 {[%emt 0:00:20]} Qxd6 {[%emt 0:00:16]} 19. exd6 {[%emt 0:02:14]} Bb7+ {[%emt 0:06:27]} 20. Ke3 {[%emt 0:00:09]} Ng8 {[%emt 0:00:53]} 21. Be2 {[%emt 0:05:20]} Nf6 {[%emt 0:08:47]} 22. Bf3 {[%emt 0:05:21]} Bxf3 {[%emt 0:01:06]} 23. gxf3 {[%emt 0:00:07]} O-O {[%emt 0:01:49]} 24. Nd3 {[%emt 0:02:11]} Rfc8 {[%emt 0:01:40]} 25. Rd2 {[%emt 0:02:03]} a5 {[%emt 0:10:09]} 26. Nb2 {[%emt 0:08:51]} Ra6 {[%emt 0:06:08]} 27. Na4 {[%emt 0:00:25]} Ne8 {[%emt 0:06:12]} 28. Rhd1 {[%emt 0:01:55]} Rcc6 {[%emt 0:00:48]} 29. Kf2 {[%emt 0:00:11]} Kf7 {[%emt 0:00:46]} 30. Re2 {[%emt 0:04:13]} Rc8 {[%emt 0:07:54]} 31. Red2 {[%emt 0:00:51]} Rcc6 {[%emt 0:00:05]} 32. h4 {[%emt 0:15:35]} Nf6 {[%emt 0:12:08]} 33. Nc3 {[%emt 0:01:50]} Ne8 {[%emt 0:05:57]} 34. Nb5 {[%emt 0:00:08]} a4 {[%emt 0:02:18]} 35. Nc7 {[%emt 0:15:32]} Rab6 {[%emt 0:12:23]} 36. Nb5 {[%emt 0:06:13]} axb3 {[%emt 0:00:18]} 37. axb3 {[%emt 0:00:05]} Ra6 {[%emt 0:00:16]} 38. Ke3 {[%emt 0:02:59]} Nf6 {[%emt 0:03:35]} 39. Rb1 {[%emt 0:05:25]} Ne8 {[%emt 0:00:24]} 40. Rbd1 {[%emt 0:00:00]} Nf6 {[%emt 0:00:00]} 41. Rb1 {[%emt 0:00:21]} Ne8 {[%emt 0:00:08] Ke4} 1/2-1/2

[Event "UKR-ch Women Final 2018"]
[Site "Kiev"]
[Date "2018.12.11"]
[Round "1"]
[White "Berdnyk, Mariia"]
[Black "Doluhanova, Evgeniya"]
[Result "0-1"]
[WhiteElo "2248"]
[BlackElo "2367"]
[Annotator "TA"]
[PlyCount "89"]
[EventDate "2018.12.11"]
[EventType "tourn"]
[EventCountry "UKR"]
[SourceTitle "playchess.com"]
[Source "ChessBase"]
[SourceQuality "1"]

{[%evp 11,89,0,23,-17,-14,-48,-14,-33,0,0,0,0,0,0,15,13,34,7,7,0,4,-43,0,-31,-25,-54,-64,-74,-56,-96,-100,-60,-49,-242,-79,-99,-113,-57,-31,-36,0,-73,-51,-58,-49,-67,-43,-50,-36,-34,-8,-28,-9,-16,23,-28,-20,-138,-80,-161,-170,-362,-374,-560,-560,-531,-504,-1438,-1306,-1116,-1102,-1808,-1806,-29973,-29974,-29965,-29966,-29989,-29990,-29999]} 1. c4 Nf6 2. Nc3 e5 3. Nf3 Nc6 4. e3 Bb4 5. Qc2 O-O 6. Nd5 Be7 {LiveBook: 46 Games} 7. Nxe7+ {A28: English Opening: Four Knights Variation} (7. Bd3 {with more complications.} h6 8. a3 d6 9. b4 a5 10. b5) (7. a3 d6 8. Ng5 g6 9. Nxe7+ Qxe7 10. d3 Ng4 11. Nf3 f5 12. h3 Nf6 13. b3 b6 14. Bb2 Bb7 {½-½ (46) Laznicka,V (2662)-Eljanov,P (2703) Batumi 2018}) 7... Qxe7 8. a3 $146 ({Predecessor:} 8. d3 d6 9. a3 a5 10. Be2 Re8 11. O-O Bd7 12. Rb1 e4 13. dxe4 Ne5 14. Nxe5 dxe5 {0-1 (14) Koziol,P (1392)-Hall,D (1638) LSS email 2012}) 8... a5 (8... e4 $5 {[%cal Re4f3]} 9. Nd4 Nxd4 10. exd4 d5 $17) 9. b3 {The position is equal.} d6 10. Bb2 Bg4 11. d3 Nd7 12. Be2 Bf5 13. O-O Bg6 14. Nd2 f5 15. Bf3 f4 16. Qc3 Nc5 17. Bd5+ Kh8 18. Bxc6 bxc6 19. d4 Nd3 {Strongly threatening ...fxe3.} 20. e4 Nxb2 21. Qxb2 {[#]} f3 $1 {[%mdl 512]} 22. gxf3 $2 ({Better is} 22. g3 $15) (22. Nxf3 Bxe4) 22... Qh4 $2 (22... Qg5+ $19 {has better winning chances.} 23. Kh1 Rxf3 $3 {[%mdl 512]}) 23. Rfe1 $17 ({Not} 23. dxe5 $2 {[#]} Rxf3 $3 {[%mdl 512]} 24. exd6 Rh3 $19) 23... Bh5 24. Re3 exd4 25. Qxd4 Rae8 26. Kf1 (26. b4 $11) 26... Qxh2 {aiming for ...d5!} 27. Ke2 {[%cal Bf1e2,Be2d1,Bd1c2,Bc2b2][%mdl 32]} Re5 28. Rf1 Rfe8 29. Kd1 Qf4 30. Kc2 d5 31. Qc3 Bg6 {[%cal Rd5e4]} 32. Kb2 Qf6 (32... Kg8 {seems wilder.} 33. a4 Qf6 34. Rd3 h5 35. Rg1 Bf7) 33. exd5 ({White should try} 33. Rfe1) 33... cxd5 $11 34. Rxe5 (34. cxd5 $11 {remains equal.} Rxe3 35. Qxf6 Rxb3+ 36. Nxb3 gxf6 37. Nxa5) 34... Qxe5 (34... Rxe5 $142 35. Rd1 Qe6) 35. cxd5 (35. Qxe5 $17 Rxe5 36. Kc3) 35... Qxd5 $19 36. Rd1 $2 {[#]} (36. Ne4 {keeps fighting.}) 36... a4 $1 {[%mdl 512]} 37. Qxc7 (37. b4 $142 Rd8 38. Kc1) (37. bxa4 Rb8+) 37... axb3 38. Qc3 Rd8 39. Qxb3 (39. a4 $142 h5 40. Rc1 Qxd2+ 41. Qxd2 Rxd2+ 42. Kxb3) 39... Qd4+ 40. Ka2 Qxf2 41. Ka1 Qe2 42. a4 h5 {Black mates.} 43. f4 Rxd2 44. Rc1 Kh7 45. Qd1 {Accuracy: White = 26%, Black = 57%.} 0-1

[Event "UKR-ch Women Final 2018"]
[Site "Kiev"]
[Date "2018.12.11"]
[Round "1"]
[White "Martynkova, Olena"]
[Black "Babiy, Olga"]
[Result "1-0"]
[WhiteElo "2173"]
[BlackElo "2275"]
[Annotator "NA RC"]
[PlyCount "79"]
[EventDate "2018.12.11"]
[EventType "tourn"]
[EventCountry "UKR"]
[SourceTitle "playchess.com"]
[Source "ChessBase"]
[SourceQuality "1"]
[TimeControl "40/5400+30:1800+30"]

{[%evp 15,54,-16,22,0,27,29,23,29,29,24,35,28,33,41,18,23,100,90,68,93,85,69,100,111,128,105,115,103,152,152,152,152,150,141,140,144,185,179,182,77,125]} 1. d4 {[%emt 0:00:00]} Nf6 {[%emt 0:00:00]} 2. c4 {[%emt 0:00:00]} e6 {[%emt 0:00:00]} 3. g3 {[%emt 0:00:15]} d5 {[%emt 0:00:00]} 4. Nf3 {[%emt 0:00:32]} dxc4 {[%emt 0:00:22]} 5. Bg2 {[%emt 0:00:31]} c6 {[%emt 0:00:11]} 6. O-O {[%emt 0:07:07]} b5 {[%emt 0:00:36]} 7. a4 {[%emt 0:03:03] E04: Open Catalan: 5 Nf3} Bb7 {[%emt 0:00:30]} 8. Ne5 {[%emt 0:03:50]} Qc7 {[%emt 0:01:31] LiveBook: 9 Games} (8... a6 9. Nc3 Nd5 10. e4 Nxc3 11. bxc3 Be7 12. Rb1 Qc8 13. Qg4 g6 14. f4 Nd7 15. f5 Nxe5 16. dxe5 h5 17. Qf3 exf5 18. exf5 Qxf5 19. Qxc6+ Bxc6 20. Bxc6+ {½-½ (78) Inarkiev,E (2689)-Piorun,K (2651) Katowice 2017}) 9. Nc3 {[%emt 0:12:19] The position is equal.} b4 {[%emt 0:06:09]} 10. Ne4 {[%emt 0:02:40]} Nxe4 {[%emt 0:02:59]} 11. Bxe4 {[%emt 0:00:05]} c5 $1 {[%emt 0:02:00]} 12. Bxb7 {[%emt 0:15:53]} Qxb7 {[%emt 0:00:44]} 13. Bf4 $146 {[%emt 0:07:30]} ({Predecessor:} 13. Be3 Nc6 14. Nxc6 Qxc6 15. Rc1 {½-½ (72) Mikhalevski,V (2566)-Postny,E (2563) Ashdod 2004}) 13... Nc6 {[%emt 0:17:48]} 14. Nxc6 $1 {[%emt 0:14:05]} Qxc6 {[%emt 0:00:07]} 15. Rc1 {[%emt 0:00:57]} Rd8 {[%emt 0:14:55]} (15... Qa6 $11 {remains equal.}) 16. Rxc4 $16 {[%emt 0:02:49]} Qd5 {[%emt 0:01:19]} 17. Qc2 {[%emt 0:06:28]} cxd4 {[%emt 0:01:42]} 18. e4 {[%emt 0:01:50]} dxe3 {[%emt 0:17:07]} 19. Bxe3 {[%emt 0:00:10]} Be7 {[%emt 0:00:44]} 20. Bxa7 {[%emt 0:11:30]} O-O {[%emt 0:02:23]} 21. Bb6 $36 {[%emt 0:00:37] White is on the roll.} Rd7 {[%emt 0:07:09]} 22. Rd4 {[%emt 0:01:28]} Qb7 {[%emt 0:00:10]} 23. Rxd7 {[%emt 0:00:53]} Qxd7 {[%emt 0:00:03]} 24. Rd1 {[%emt 0:00:53]} Qb7 {[%emt 0:02:32] Hoping for ...Rc8.} 25. a5 {[%emt 0:00:32]} h5 {[%emt 0:06:16] [#]} 26. h4 $1 {[%emt 0:03:41]} Rc8 {[%emt 0:00:44]} 27. Qe2 {[%emt 0:00:42]} (27. Qd2 $18 {has better winning chances.}) 27... g6 {[%emt 0:05:54] Accuracy: White = 78%, Black = 39%.} 28. Bd4 {[%emt 0:00:34]} Rc6 {[%emt 0:01:54]} 29. Qe5 {[%emt 0:01:28]} f6 {[%emt 0:00:10]} 30. Qe4 {[%emt 0:00:10]} Kf7 {[%emt 0:00:46]} 31. Be3 {[%emt 0:01:18]} Qb5 {[%emt 0:01:13]} 32. Bb6 {[%emt 0:00:42]} Qa4 {[%emt 0:05:06]} 33. Re1 {[%emt 0:01:17]} Qb5 {[%emt 0:01:59]} 34. Ra1 {[%emt 0:00:28]} Rc8 {[%emt 0:01:24]} 35. Qb7 {[%emt 0:00:35]} Rc6 {[%emt 0:00:26]} 36. Rd1 {[%emt 0:00:32]} Ke8 {[%emt 0:00:33]} 37. Qd7+ {[%emt 0:00:31]} Kf8 {[%emt 0:00:31]} 38. Bd8 {[%emt 0:00:13]} Bc5 {[%emt 0:00:28]} 39. Bxf6 {[%emt 0:00:35]} Bxf2+ {[%emt 0:00:31]} 40. Kh1 {[%emt 0:00:00]} 1-0

[Event "UKR-ch Women Final 2018"]
[Site "Kiev"]
[Date "2018.12.11"]
[Round "1"]
[White "Dolzhykova, Kateryna"]
[Black "Osmak, Iulija"]
[Result "0-1"]
[WhiteElo "2161"]
[BlackElo "2403"]
[Annotator "RC"]
[PlyCount "154"]
[EventDate "2018.12.11"]
[EventType "tourn"]
[EventCountry "UKR"]
[SourceTitle "playchess.com"]
[Source "ChessBase"]
[SourceQuality "1"]
[TimeControl "40/5400+30:1800+30"]

1. e4 {[%emt 0:00:00]} e6 {[%emt 0:00:00]} 2. d4 {[%emt 0:00:00]} d5 {[%emt 0:00:00]} 3. Nd2 {[%emt 0:00:00]} c5 {[%emt 0:00:48]} 4. Ngf3 {[%emt 0:00:16]} cxd4 {[%emt 0:00:14]} 5. Nxd4 {[%emt 0:00:10]} Nc6 {[%emt 0:00:29]} 6. Bb5 {[%emt 0:00:09]} Bd7 {[%emt 0:00:05]} 7. Nxc6 {[%emt 0:00:12]} bxc6 {[%emt 0:00:30]} 8. Bd3 {[%emt 0:00:09]} Qc7 {[%emt 0:00:53]} 9. Qe2 {[%emt 0:00:48]} Bd6 {[%emt 0:01:13]} 10. Nf3 {[%emt 0:00:09]} e5 {[%emt 0:05:32]} 11. exd5 {[%emt 0:10:53]} cxd5 {[%emt 0:00:44]} 12. Nxe5 {[%emt 0:06:51]} Bxe5 {[%emt 0:00:32]} 13. f4 {[%emt 0:01:38]} f6 {[%emt 0:00:29]} 14. O-O {[%emt 0:03:37]} Ne7 {[%emt 0:01:19]} 15. fxe5 {[%emt 0:00:27]} Qxe5 {[%emt 0:01:08]} 16. Qf2 {[%emt 0:02:32]} Kf7 {[%emt 0:03:35]} 17. c4 {[%emt 0:10:27]} Rhc8 {[%emt 0:13:14]} 18. Bf4 {[%emt 0:06:25]} Qh5 {[%emt 0:00:18]} 19. cxd5 {[%emt 0:20:54]} Nxd5 {[%emt 0:03:40]} 20. Ba6 {[%emt 0:00:29]} Nxf4 {[%emt 0:11:39]} 21. Qxf4 {[%emt 0:00:08]} Qc5+ {[%emt 0:05:19]} 22. Kh1 {[%emt 0:00:18]} Re8 {[%emt 0:00:35]} 23. Rac1 {[%emt 0:06:27]} Qe5 {[%emt 0:10:19]} 24. Bc4+ {[%emt 0:02:12]} Kf8 {[%emt 0:00:08]} 25. Qd2 {[%emt 0:02:48]} Rad8 {[%emt 0:15:10]} 26. Qb4+ {[%emt 0:12:50]} Qe7 {[%emt 0:00:39]} 27. Qa5 {[%emt 0:00:58]} Bc6 {[%emt 0:07:07]} 28. Rce1 {[%emt 0:03:21]} Be4 {[%emt 0:02:28]} 29. Qc3 {[%emt 0:05:18]} Qd6 {[%emt 0:02:56]} 30. Bb3 {[%emt 0:00:31]} Qd4 {[%emt 0:05:09]} 31. Qa5 {[%emt 0:02:27]} Re5 {[%emt 0:05:30]} 32. Qc7 {[%emt 0:01:11]} Re7 {[%emt 0:00:11]} 33. Qg3 {[%emt 0:00:37]} Rde8 {[%emt 0:00:34]} 34. Rd1 {[%emt 0:00:51]} Qxb2 {[%emt 0:00:30]} 35. Rd6 {[%emt 0:00:41]} Bg6 {[%emt 0:02:14]} 36. Qh4 {[%emt 0:00:00]} Qe5 {[%emt 0:01:44]} 37. Rc6 {[%emt 0:00:55]} Rc7 {[%emt 0:00:55]} 38. Qb4+ {[%emt 0:00:14]} Rce7 {[%emt 0:00:36]} 39. Re6 {[%emt 0:00:25]} Qb8 {[%emt 0:00:31]} 40. Qa3 {[%emt 0:00:00]} Bf7 {[%emt 0:00:00]} 41. Re3 {[%emt 0:12:57]} Bxb3 {[%emt 0:02:55]} 42. Rxb3 {[%emt 0:02:39]} Qc7 {[%emt 0:03:55]} 43. Rg3 {[%emt 0:05:31]} Kg8 {[%emt 0:01:21]} 44. Qb3+ {[%emt 0:00:14]} Kh8 {[%emt 0:00:30]} 45. Qb4 {[%emt 0:01:15]} Re2 {[%emt 0:02:31]} 46. a4 {[%emt 0:01:13]} R2e4 {[%emt 0:01:22]} 47. Qb5 {[%emt 0:02:18]} Qc4 {[%emt 0:03:24]} 48. Qxc4 {[%emt 0:06:48]} Rxc4 {[%emt 0:00:06]} 49. Ra3 {[%emt 0:00:24]} Ree4 {[%emt 0:01:50]} 50. Rfa1 {[%emt 0:00:03]} a5 {[%emt 0:01:01]} 51. h3 {[%emt 0:00:40]} h5 {[%emt 0:01:31]} 52. Kh2 {[%emt 0:00:34]} h4 53. R3a2 Kh7 {[%emt 0:01:26]} 54. Ra3 {[%emt 0:00:20]} Kg6 {[%emt 0:03:44]} 55. R1a2 {[%emt 0:00:27]} Kf7 {[%emt 0:00:23]} 56. g3 {[%emt 0:00:38]} hxg3+ {[%emt 0:01:28]} 57. Kxg3 {[%emt 0:00:03]} g5 {[%emt 0:00:07]} 58. Ra1 {[%emt 0:00:37]} Kg6 {[%emt 0:00:25]} 59. R1a2 {[%emt 0:01:06]} f5 {[%emt 0:00:55]} 60. Ra1 {[%emt 0:01:35]} Kh5 {[%emt 0:00:34]} 61. R1a2 {[%emt 0:01:09]} Red4 {[%emt 0:01:12]} 62. Ra1 {[%emt 0:00:49]} Rd2 {[%emt 0:01:15]} 63. R1a2 {[%emt 0:01:17]} Rxa2 {[%emt 0:05:24]} 64. Rxa2 {[%emt 0:00:01]} Rc3+ {[%emt 0:00:06]} 65. Kg2 {[%emt 0:00:09]} Kh4 {[%emt 0:00:05]} 66. Rd2 {[%emt 0:00:28]} Rg3+ {[%emt 0:00:10]} 67. Kf2 {[%emt 0:00:00]} Rxh3 {[%emt 0:00:44]} 68. Rd5 {[%emt 0:00:01]} Kg4 {[%emt 0:00:45]} 69. Rxa5 {[%emt 0:00:02]} Ra3 {[%emt 0:00:08]} 70. Ra8 {[%emt 0:01:01]} Ra2+ {[%emt 0:00:27]} 71. Ke1 {[%emt 0:01:47]} f4 {[%emt 0:00:23]} 72. a5 {[%emt 0:00:08]} f3 {[%emt 0:00:23]} 73. Rg8 {[%emt 0:01:19]} f2+ {[%emt 0:01:48]} 74. Kf1 {[%emt 0:00:06]} Kf3 {[%emt 0:00:04]} 75. Rf8+ {[%emt 0:00:23]} Kg3 {[%emt 0:00:04]} 76. a6 {[%emt 0:00:12]} Ra1+ {[%emt 0:00:04]} 77. Ke2 {[%emt 0:00:02]} Re1+ {[%emt 0:00:07]} 0-1

[Event "UKR-ch Women Final 2018"]
[Site "Kiev"]
[Date "2018.12.12"]
[Round "2"]
[White "Gaponenko, Inna"]
[Black "Martynkova, Olena"]
[Result "1/2-1/2"]
[WhiteElo "2420"]
[BlackElo "2173"]
[Annotator "TA"]
[PlyCount "29"]
[EventDate "2018.12.11"]
[EventType "tourn"]
[EventCountry "UKR"]
[SourceTitle "playchess.com"]
[Source "ChessBase"]
[SourceQuality "1"]

{[%evp 22,25,0,0,15,0]} 1. e4 c5 2. Nf3 e6 3. g3 Nc6 4. Bg2 Nf6 5. Qe2 d6 6. c3 Be7 7. O-O O-O {C00: French: Unusual White 2nd moves} 8. d4 cxd4 9. cxd4 d5 10. e5 Ne4 11. Nbd2 Nxd2 12. Bxd2 {LiveBook: 15 Games} Bd7 13. h4 {Predecessor:} Rc8 $146 14. Rfd1 Qb6 15. Bc3 {1-0 (64) Vidit,S (2606)-Karthikeyan,M (2475) Dharamshala 2014} 1/2-1/2

[Event "UKR-ch Women Final 2018"]
[Site "Kiev"]
[Date "2018.12.12"]
[Round "2"]
[White "Doluhanova, Evgeniya"]
[Black "Osmak, Iulija"]
[Result "1-0"]
[WhiteElo "2367"]
[BlackElo "2403"]
[Annotator "RC"]
[PlyCount "63"]
[EventDate "2018.12.11"]
[EventType "tourn"]
[EventCountry "UKR"]
[SourceTitle "playchess.com"]
[Source "ChessBase"]
[SourceQuality "1"]
[TimeControl "40/5400+30:1800+30"]

1. e4 {[%emt 0:00:00]} e6 {[%emt 0:02:43]} 2. d4 {[%emt 0:00:00]} d5 {[%emt 0:00:03]} 3. Nc3 {[%emt 0:00:00]} Nf6 {[%emt 0:00:38]} 4. e5 {[%emt 0:00:05]} Nfd7 {[%emt 0:00:06]} 5. f4 {[%emt 0:00:08]} c5 {[%emt 0:00:05]} 6. Nf3 {[%emt 0:00:07]} Be7 {[%emt 0:09:45]} 7. Be3 {[%emt 0:00:21]} O-O {[%emt 0:00:11]} 8. h4 {[%emt 0:00:46]} Nc6 {[%emt 0:02:31]} 9. Bd3 {[%emt 0:00:40]} f5 {[%emt 0:03:55]} 10. Ng5 {[%emt 0:18:10]} Bxg5 {[%emt 0:16:04]} 11. hxg5 {[%emt 0:00:30]} cxd4 {[%emt 0:01:56]} 12. Qh5 {[%emt 0:06:42]} dxc3 {[%emt 0:02:25]} 13. Qxh7+ {[%emt 0:08:29]} Kf7 {[%emt 0:00:08]} 14. bxc3 {[%emt 0:30:46]} Ne7 {[%emt 0:28:26]} 15. g4 {[%emt 0:01:24]} Rg8 {[%emt 0:04:11]} 16. gxf5 {[%emt 0:11:36]} exf5 {[%emt 0:01:12]} 17. Qh5+ {[%emt 0:08:32]} Ke6 {[%emt 0:05:51]} 18. c4 {[%emt 0:02:27]} Nf8 {[%emt 0:12:25]} 19. cxd5+ {[%emt 0:02:56]} Qxd5 {[%emt 0:00:05]} 20. O-O-O {[%emt 0:03:38]} g6 {[%emt 0:06:41]} 21. Qe2 {[%emt 0:00:18]} b5 {[%emt 0:00:24]} 22. Bxb5 {[%emt 0:01:19]} Qxd1+ {[%emt 0:00:31]} 23. Rxd1 {[%emt 0:00:11]} Kf7 {[%emt 0:00:05]} 24. Bc5 {[%emt 0:01:40]} Be6 {[%emt 0:00:13]} 25. Bd6 {[%emt 0:00:21]} Rc8 {[%emt 0:00:21]} 26. a4 {[%emt 0:00:51]} Rh8 {[%emt 0:01:17]} 27. Qf2 {[%emt 0:00:13]} Bb3 {[%emt 0:00:45]} 28. Rd2 {[%emt 0:00:55]} a6 {[%emt 0:00:32]} 29. Bxa6 {[%emt 0:00:33]} Rh1+ {[%emt 0:00:30]} 30. Kb2 {[%emt 0:00:05]} Ra8 {[%emt 0:00:27]} 31. Bb7 {[%emt 0:00:21]} Rxa4 {[%emt 0:00:28]} 32. cxb3 {[%emt 0:00:17]} 1-0

[Event "UKR-ch Women Final 2018"]
[Site "Kiev"]
[Date "2018.12.12"]
[Round "2"]
[White "Babiy, Olga"]
[Black "Shpanko, Nadiia"]
[Result "1/2-1/2"]
[WhiteElo "2275"]
[BlackElo "2262"]
[Annotator "TA"]
[PlyCount "46"]
[EventDate "2018.12.11"]
[EventType "tourn"]
[EventCountry "UKR"]
[SourceTitle "playchess.com"]
[Source "ChessBase"]
[SourceQuality "1"]

{[%evp 19,46,0,60,9,6,-12,-10,-10,-10,-15,-16,-22,-10,-9,0,0,0,0,10,-19,-16,-33,-39,-31,-12,-13,-19,-12,-17]} 1. e4 d5 2. exd5 Qxd5 3. Nc3 Qd6 4. d4 c6 5. Bc4 Nf6 6. Nge2 {B01: Scandinavian Defence} Bf5 7. Bf4 Qb4 8. Bb3 e6 9. Bd2 $146 ({Predecessor:} 9. O-O Nbd7 10. Bc7 Rc8 11. a3 Qe7 12. Ba5 b6 13. Bb4 {0-1 (56) Al Modiahki,M (2559)-Predojevic,B (2615) Dresden 2008}) 9... Qd6 10. Bf4 Qb4 {LiveBook: 18 Games} 11. a4 (11. O-O $14) 11... Bd6 $11 12. O-O {[#] Threatens to win with Na2.} Bxf4 $1 13. Nxf4 O-O 14. Nce2 Rd8 15. Nd3 Bxd3 16. Qxd3 c5 17. Qb5 Qxb5 18. axb5 cxd4 19. Rad1 d3 20. Rxd3 Rxd3 21. cxd3 Nbd7 22. Ra1 Kf8 23. f3 Ke7 {Accuracy: White = 32%, Black = 74%.} 1/2-1/2